Statistics for Who Was...?

Click here to take the quiz!

General Stats

  • This quiz has been taken 6 times
  • The average score is 2 of 26

Answer Stats

LetterAnswer% Correct
AAbraham
100%
DDavid in the Bible
20%
QQueen Victoria
20%
WWinston Churchill
20%
BBooks
0%
CCain's Wife
0%
EEnoch
0%
FFrederick Douglass
0%
GGideon in the Bible
0%
HHerod
0%
IIsaiah
0%
JJohn the Baptist
0%
KKing James
0%
LLuke in the Bible
0%
MMelchizedek
0%
NNehemiah
0%
OOnesimus
0%
PPaul in the Bible
0%
RRandy Dee Hafen
0%
SSaul in the Bible
0%
Tthe first President
0%
UUncle Tom
0%
Vvoted off Survivor tonight
0%
XXerxes
0%
YYo Gotti talking about in what happened or Yoda's master
0%
ZZerubabbel
0%

Score Distribution

Percentile by Number Answered

Percent of People with Each Score

Your Score History

You have not taken this quiz